[Event "Oslo Offerspill op"]
[Site "Oslo"]
[Date "2020.06.10"]
[Round "1"]
[White "Rueda Kjeldsen, Juan Carlos"]
[Black "Storme, Isak"]
[Result "0-1"]
[WhiteElo "1990"]
[BlackElo "2379"]
[PlyCount "68"]
[EventDate "2020.06.10"]
[EventType "swiss"]
[EventRounds "9"]
[EventCountry "NOR"]
[SourceTitle "CBM 197 Extra"]
[Source "ChessBase"]
[SourceDate "2020.09.30"]
[SourceVersion "1"]
[SourceVersionDate "2020.09.30"]
[SourceQuality "1"]

1. Nf3 d5 2. b3 Bg4 3. Ba3 Nc6 4. d4 f6 5. Nc3 e5 6. Bxf8 Kxf8 7. dxe5 d4 8. Ne4 Qd5 9. Ned2 fxe5 10. Qc1 e4 11. Qa3+ Nge7 12. 0-0-0 exf3 13. exf3 Bf5 14. g4 Bg6 15. h4 Qa5 16. Qxa5 Nxa5 17. f4 c5 18. f5 Bf7 19. Bb5 a6 20. Bd7 Nd5 21. Ne4 b6 22. Ng5 Nf6 23. b4 Nxd7 24. bxa5 bxa5 25. Ne6+ Bxe6 26. fxe6 Nf6 27. g5 Nd5 28. Rde1 Ke7 29. Rh3 Rhf8 30. Ra3 Rxf2 31. Rxa5 Nc3 32. Rxc5 Rb8 33. Rc7+ Kd6 34. Rd7+ Kc6 0-1

[Event "NOR-chT Club"]
[Site "Drammen"]
[Date "2019.05.31"]
[Round "2.3"]
[White "Ranaldi, Lucas"]
[Black "Rueda Kjeldsen, Juan Carlos"]
[Result "1-0"]
[WhiteElo "2237"]
[BlackElo "1963"]
[PlyCount "57"]
[EventDate "2019.05.30"]
[EventType "team-swiss"]
[EventRounds "6"]
[EventCountry "NOR"]
[SourceTitle "CBM 190 Extra"]
[Source "ChessBase"]
[SourceDate "2019.07.15"]
[SourceVersion "1"]
[SourceVersionDate "2019.07.15"]
[SourceQuality "1"]
[WhiteTeam "Schakklubben av 1911"]
[BlackTeam "Stjernen"]
[WhiteTeamCountry "NOR"]
[BlackTeamCountry "NOR"]

1. Nf3 c5 2. c4 Nf6 3. g3 d5 4. cxd5 Nxd5 5. Bg2 Nc6 6. Nc3 g6 7. 0-0 Bg7 8. Nxd5 Qxd5 9. d3 0-0 10. Be3 Qd6 11. Rc1 b6 12. d4 c4 13. b3 Ba6 14. bxc4 Rac8 15. Qa4 Na5 16. c5 Qb8 17. Bf4 Qa8 18. Ne5 Bb7 19. c6 Ba6 20. Nd7 Rfe8 21. Rc2 h6 22. h4 Kh7 23. Rfc1 Rg8 24. Nb8 e5 25. Nxa6 exf4 26. c7 Nb7 27. Qc6 fxg3 28. Qxb7 gxf2+ 29. Kf1 1-0

[Event "Gibraltar Challengers-B"]
[Site "Caleta"]
[Date "2018.01.31"]
[Round "5"]
[White "Mulligan, Stephen"]
[Black "Rueda Kjeldsen, Juan Carlos"]
[Result "1/2-1/2"]
[WhiteElo "2051"]
[BlackElo "1988"]
[PlyCount "106"]
[EventDate "2018.01.27"]
[EventType "swiss"]
[EventRounds "5"]
[EventCountry "GGB"]
[SourceTitle "EXT 2019"]
[Source "ChessBase"]
[SourceDate "2018.10.10"]
[SourceVersion "1"]
[SourceVersionDate "2018.10.10"]
[SourceQuality "1"]

1. d4 b6 2. Nf3 Bb7 3. Bf4 f5 4. e3 Nf6 5. Nbd2 e6 6. Be2 Nc6 7. c3 Ne7 8. h3 h6 9. Ne5 g6 10. Bf3 Bxf3 11. Qxf3 Bg7 12. Qe2 0-0 13. Bh2 d6 14. Nd3 Qd7 15. 0-0 Kh7 16. e4 fxe4 17. Nxe4 Rae8 18. Rae1 Nc6 19. Nxf6+ Bxf6 20. Qg4 Qf7 21. Qe4 Nd8 22. Bg3 Bg7 23. Bh4 Bf6 24. Bxf6 Qxf6 25. Re2 Qf5 26. Qxf5 exf5 27. Rfe1 Rxe2 28. Rxe2 Kg7 29. f3 Kf7 30. Kf2 c6 31. h4 g5 32. Re1 Kf6 33. hxg5+ hxg5 34. Rh1 Nf7 35. Nb4 Rc8 36. Re1 a5 37. Nd3 b5 38. b3 c5 39. dxc5 dxc5 40. c4 bxc4 41. bxc4 Nd6 42. Ne5 f4 43. g3 Rc7 44. gxf4 gxf4 45. Nd3 Nxc4 46. Nxf4 Rh7 47. Rc1 Ne5 48. Rxc5 Rh2+ 49. Kg3 Rxa2 50. Nd5+ Ke6 51. Nf4+ Kf6 52. Nd5+ Ke6 53. Nf4+ Kf6 1/2-1/2

[Event "Gibraltar Challengers-B"]
[Site "Caleta"]
[Date "2018.01.29"]
[Round "3"]
[White "Rueda Kjeldsen, Juan Carlos"]
[Black "Jordan Martinez, David"]
[Result "0-1"]
[WhiteElo "1988"]
[BlackElo "2095"]
[PlyCount "65"]
[EventDate "2018.01.27"]
[EventType "swiss"]
[EventRounds "5"]
[EventCountry "GGB"]
[SourceTitle "EXT 2019"]
[Source "ChessBase"]
[SourceDate "2018.10.10"]
[SourceVersion "1"]
[SourceVersionDate "2018.10.10"]
[SourceQuality "1"]

1. Nf3 g6 2. c4 Bg7 3. d4 d6 4. Nc3 Nf6 5. Bf4 0-0 6. Qd2 Nbd7 7. Bh6 e5 8. Bxg7 Kxg7 9. 0-0-0 Qe7 10. h4 h5 11. e3 c6 12. Be2 Ng4 13. Rdf1 Ndf6 14. Ng5 Re8 15. d5 e4 16. Bxg4 Bxg4 17. f3 exf3 18. gxf3 Bd7 19. e4 cxd5 20. cxd5 b5 21. Rfg1 b4 22. Ne2 Rac8+ 23. Kb1 Rc4 24. b3 Rc5 25. Nf4 Qe5 26. Nd3 Qd4 27. Rd1 Rc3 28. Nf4 Qxd2 29. Rxd2 Rec8 30. Nd3 a5 31. Rc1 Bb5 32. Rxc3 bxc3 33. Nf4 0-1

[Event "NOR-ch rapid"]
[Site "Drammen"]
[Date "2018.01.06"]
[Round "1"]
[White "Urkedal, Frode Olav Olsen"]
[Black "Rueda Kjeldsen, Juan Carlos"]
[Result "1-0"]
[WhiteElo "2572"]
[BlackElo "1988"]
[PlyCount "60"]
[EventDate "2018.01.06"]
[EventType "swiss (rapid)"]
[EventRounds "10"]
[EventCountry "NOR"]
[SourceTitle "CBM 182 Extra"]
[Source "ChessBase"]
[SourceDate "2018.02.23"]
[SourceVersion "1"]
[SourceVersionDate "2018.02.23"]
[SourceQuality "1"]

1. d4 Nf6 2. c4 g6 3. Nc3 d5 4. Bg5 Ne4 5. Bh4 Nxc3 6. bxc3 Bg7 7. e3 c6 8. Nf3 0-0 9. Qb3 b6 10. Be2 Ba6 11. 0-0 Nd7 12. Qa3 Qc8 13. Bxe7 Re8 14. Bh4 Bxc4 15. Bxc4 dxc4 16. Rfe1 c5 17. Rad1 b5 18. Qa5 Qb7 19. Rb1 a6 20. a4 cxd4 21. exd4 Rxe1+ 22. Rxe1 Nf6 23. Bxf6 Bxf6 24. Qb4 Qd7 25. Rb1 Rb8 26. Nd2 Ra8 27. Nf3 Qd5 28. Re1 Qd7 29. Rb1 bxa4 30. Qxc4 a3 1-0

[Event "NOR-ch Class1"]
[Site "Oslo"]
[Date "2015.07.10"]
[Round "8"]
[White "Gyldenas, Ole Jorn"]
[Black "Rueda Kjeldsen, Juan Carlos"]
[Result "1/2-1/2"]
[WhiteElo "1918"]
[BlackElo "1895"]
[PlyCount "101"]
[EventDate "2015.07.04"]
[EventType "swiss"]
[EventRounds "9"]
[EventCountry "NOR"]
[SourceTitle "EXT 2017"]
[Source "ChessBase"]
[SourceDate "2016.10.25"]
[SourceVersion "1"]
[SourceVersionDate "2016.10.25"]
[SourceQuality "1"]

1. Nf3 Nf6 2. c4 g6 3. Nc3 Bg7 4. d4 d5 5. Bf4 0-0 6. e3 c6 7. Qb3 e6 8. Be2 Re8 9. h3 Nbd7 10. 0-0 h6 11. Ne5 Nh7 12. Nxd7 Qxd7 13. Rfd1 b6 14. Rac1 dxc4 15. Qxc4 Bb7 16. e4 Rac8 17. Qa4 a6 18. Be3 b5 19. Qb3 Qe7 20. a3 Red8 21. Qc2 Rd7 22. Rd2 Rcd8 23. Rcd1 Nf6 24. Bf3 Kh7 25. Ne2 Ne8 26. Nc1 Nd6 27. Be2 Rc8 28. Nb3 Rdd8 29. Nc5 Ne8 30. b4 Qc7 31. Qc1 Nf6 32. Rc2 Nd7 33. Nxb7 Qxb7 34. Bf3 e5 35. dxe5 Nxe5 36. Be2 Rxd1+ 37. Qxd1 Qe7 38. f4 Nd7 39. Bf3 Nf6 40. e5 Rd8 41. Rd2 Nd5 42. Bxd5 cxd5 43. Rxd5 Rxd5 44. Qxd5 Qe6 45. Qd3 Kg8 46. Bc5 g5 47. fxg5 Qxe5 48. Qd8+ Kh7 49. Qd3+ Kg8 50. Qd8+ Kh7 51. Qd3+ 1/2-1/2

[Event "NOR-ch Class1"]
[Site "Oslo"]
[Date "2015.07.07"]
[Round "5"]
[White "Rueda Kjeldsen, Juan Carlos"]
[Black "Langmyhr, Tore"]
[Result "1-0"]
[WhiteElo "1895"]
[BlackElo "1874"]
[PlyCount "65"]
[EventDate "2015.07.04"]
[EventType "swiss"]
[EventRounds "9"]
[EventCountry "NOR"]
[SourceTitle "EXT 2017"]
[Source "ChessBase"]
[SourceDate "2016.10.25"]
[SourceVersion "1"]
[SourceVersionDate "2016.10.25"]
[SourceQuality "1"]

1. e4 d5 2. exd5 Nf6 3. d4 Nxd5 4. c4 Nb6 5. Nc3 e5 6. Nf3 exd4 7. Nxd4 Bb4 8. Be3 0-0 9. Bd3 Bxc3+ 10. bxc3 c5 11. Nb3 Na6 12. 0-0 Nd7 13. Qc2 h6 14. Rad1 Qf6 15. Bh7+ Kh8 16. Be4 Rb8 17. Qc1 Re8 18. f3 b6 19. Bb1 Nf8 20. Bf4 Rb7 21. Rd6 Be6 22. Re1 Ng6 23. Bg3 Rbe7 24. Nd2 Qg5 25. Qc2 h5 26. f4 Qh6 27. f5 h4 28. Bf2 Qf4 29. fxg6 fxg6 30. Qxg6 Bf5 31. Qh5+ Kg8 32. Rxe7 Rf8 33. Bxf5 1-0

[Event "Drammen CC-ch"]
[Site "Drammen"]
[Date "2015.02.10"]
[Round "4"]
[White "Rueda Kjeldsen, Juan Carlos"]
[Black "Henriksen, Geir Ivar"]
[Result "0-1"]
[WhiteElo "1994"]
[BlackElo "2194"]
[PlyCount "91"]
[EventDate "2015.01.13"]
[EventType "swiss"]
[EventRounds "9"]
[EventCountry "NOR"]
[SourceTitle "EXT 2024"]
[Source "ChessBase"]
[SourceDate "2023.10.10"]
[SourceVersion "1"]
[SourceVersionDate "2023.10.10"]
[SourceQuality "1"]

1. b3 Nf6 2. Bb2 g6 3. f4 Bg7 4. Nf3 0-0 5. e3 d6 6. Be2 Nbd7 7. 0-0 e5 8. fxe5 Ng4 9. h3 Ngxe5 10. Qc1 Nxf3+ 11. Bxf3 Ne5 12. c4 Nd3 13. Bxg7 Nxc1 14. Bxf8 Qxf8 15. Rxc1 c6 16. Nc3 Qe7 17. Rf1 Bd7 18. Rf2 Rf8 19. Raf1 Kg7 20. Be2 Qe5 21. Bd3 Be6 22. Ne2 Re8 23. Nd4 Re7 24. Bb1 a5 25. Bd3 Qc5 26. Rb1 Bd7 27. Rbf1 Qa3 28. Bb1 a4 29. bxa4 Qxa4 30. Rf4 Qa5 31. R4f2 Qg5 32. Kh1 c5 33. Ne2 b5 34. Nf4 bxc4 35. Bc2 Bc6 36. Bd1 c3 37. dxc3 Rxe3 38. Bb3 d5 39. c4 d4 40. Nd5 f5 41. Nxe3 dxe3 42. Rb2 Qg3 43. Kg1 Qe5 44. Re2 f4 45. Bd1 Qd4 46. Kh1 0-1

[Event "Drammen CC-ch"]
[Site "Drammen"]
[Date "2015.01.13"]
[Round "1"]
[White "Edvardsen, Ragnar"]
[Black "Rueda Kjeldsen, Juan Carlos"]
[Result "1/2-1/2"]
[WhiteElo "2031"]
[BlackElo "1994"]
[PlyCount "42"]
[EventDate "2015.01.13"]
[EventType "swiss"]
[EventRounds "9"]
[EventCountry "NOR"]
[SourceTitle "EXT 2024"]
[Source "ChessBase"]
[SourceDate "2023.10.10"]
[SourceVersion "1"]
[SourceVersionDate "2023.10.10"]
[SourceQuality "1"]

1. e4 e6 2. d4 d5 3. Nd2 dxe4 4. Nxe4 Bd7 5. Bd3 Bc6 6. Nf3 Nd7 7. 0-0 Ngf6 8. Qe2 Be7 9. c4 Nxe4 10. Bxe4 Bxe4 11. Qxe4 c6 12. Bd2 0-0 13. Bc3 Re8 14. Rad1 Bf6 15. Rd2 Qc7 16. Ne5 Rad8 17. f4 c5 18. Rdf2 cxd4 19. Bxd4 Be7 20. Nxd7 Rxd7 21. Be5 Qb6 1/2-1/2

[Event "Drammen CC Autumn"]
[Site "Drammen"]
[Date "2014.09.30"]
[Round "4"]
[White "Klausen, Truls Skauge"]
[Black "Rueda Kjeldsen, Juan Carlos"]
[Result "1-0"]
[WhiteElo "1519"]
[BlackElo "1845"]
[PlyCount "65"]
[EventDate "2014.08.19"]
[EventType "swiss"]
[EventRounds "6"]
[EventCountry "NOR"]
[SourceTitle "EXT 2024"]
[Source "ChessBase"]
[SourceDate "2023.10.10"]
[SourceVersion "1"]
[SourceVersionDate "2023.10.10"]
[SourceQuality "1"]

1. e4 d6 2. Bc4 Nf6 3. d3 g6 4. Bg5 Bg7 5. Nc3 Nbd7 6. Qd2 h6 7. Bf4 g5 8. Bg3 Nh5 9. Nge2 c6 10. f4 g4 11. Bf2 Nb6 12. Bb3 Be6 13. Ng3 Nxg3 14. hxg3 Qd7 15. Rh5 c5 16. f5 Bxb3 17. cxb3 0-0-0 18. a4 e6 19. Nb5 a6 20. Qa5 axb5 21. Qxb6 Bxb2 22. Ra2 Bc3+ 23. Ke2 b4 24. a5 Qc6 25. fxe6 fxe6 26. Bxc5 Qxb6 27. Bxb6 Rdf8 28. Be3 Rf6 29. a6 bxa6 30. Rxa6 Kc7 31. Ra7+ Kb8 32. Rb5+ Kc8 33. Ra8+ 1-0

[Event "Drammen CC Autumn"]
[Site "Drammen"]
[Date "2014.09.23"]
[Round "3"]
[White "Rueda Kjeldsen, Juan Carlos"]
[Black "Jorgensen, Terje"]
[Result "1/2-1/2"]
[WhiteElo "1845"]
[BlackElo "591"]
[PlyCount "50"]
[EventDate "2014.08.19"]
[EventType "swiss"]
[EventRounds "6"]
[EventCountry "NOR"]
[SourceTitle "EXT 2024"]
[Source "ChessBase"]
[SourceDate "2023.10.10"]
[SourceVersion "1"]
[SourceVersionDate "2023.10.10"]
[SourceQuality "1"]

1. e4 e5 2. Bc4 Bc5 3. Nf3 d6 4. 0-0 Nf6 5. d4 d5 6. dxe5 dxe4 7. exf6 Qxd1 8. Rxd1 0-0 9. Bg5 exf3 10. Nc3 Bg4 11. Rf1 Nc6 12. h3 h6 13. hxg4 hxg5 14. Rfe1 fxg2 15. fxg7 Rfe8 16. Kxg2 Kxg7 17. Re2 Re7 18. Rae1 Rae8 19. a3 Nd4 20. Rxe7 Rxe7 21. Rxe7 Bxe7 22. Nd5 Bd6 23. Bd3 a6 24. f3 c6 25. c3 f6 1/2-1/2

[Event "Santander Departamental-ch"]
[Site "Santander"]
[Date "2013.11.28"]
[Round "1"]
[White "Rueda Kjeldsen, Juan Carlos"]
[Black "Guerra Verano, Diana"]
[Result "1-0"]
[WhiteElo "1979"]
[BlackElo "1596"]
[PlyCount "71"]
[EventDate "2013.11.28"]
[EventType "swiss"]
[EventRounds "8"]
[EventCountry "COL"]
[SourceTitle "CBM 157 Extra"]
[Source "ChessBase"]
[SourceDate "2013.12.19"]
[SourceVersion "1"]
[SourceVersionDate "2013.12.19"]
[SourceQuality "1"]

1. e4 c5 2. c3 e5 3. Nf3 Nc6 4. Bc4 Nf6 5. Ng5 d5 6. exd5 Na5 7. d3 h6 8. Nf3 Bg4 9. Bb5+ Bd7 10. Qa4 b6 11. Nxe5 Bd6 12. Bxd7+ Nxd7 13. Nxd7 Qxd7 14. Qxd7+ Kxd7 15. Na3 Rae8+ 16. Kd1 Re5 17. c4 Rhe8 18. Nb5 Re2 19. Rf1 a6 20. Nc3 R2e7 21. Bd2 Nb7 22. Kc2 Bb8 23. g3 Nd6 24. Rfe1 b5 25. Rxe7+ Rxe7 26. Bf4 b4 27. Bxd6 Bxd6 28. Ne4 a5 29. Kd2 f5 30. Nxd6 Kxd6 31. Re1 Rf7 32. Re6+ Kd7 33. Ra6 f4 34. Ra7+ Ke8 35. Rxf7 Kxf7 36. gxf4 1-0

[Event "Drammen CC-ch Master"]
[Site "Drammen"]
[Date "2012.01.17"]
[Round "5"]
[White "Rueda Kjeldsen, Juan Carlos"]
[Black "Edvardsen, Ragnar"]
[Result "0-1"]
[WhiteElo "1850"]
[BlackElo "1941"]
[PlyCount "74"]
[EventDate "2012.01.17"]
[EventType "tourn"]
[EventRounds "7"]
[EventCountry "NOR"]
[SourceTitle "EXT 2024"]
[Source "ChessBase"]
[SourceDate "2023.10.10"]
[SourceVersion "1"]
[SourceVersionDate "2023.10.10"]
[SourceQuality "1"]

1. e4 c5 2. c3 Nf6 3. e5 Nd5 4. d4 cxd4 5. Nf3 Nc6 6. cxd4 d6 7. Nc3 dxe5 8. Nxe5 Nxe5 9. dxe5 Nxc3 10. Qxd8+ Kxd8 11. bxc3 Bf5 12. Be3 Kc7 13. Rd1 a6 14. a4 Rc8 15. e6 Bxe6 16. Bf4+ Kb6 17. Be2 Bc4 18. Rb1+ Ka5 19. Rxb7 e5 20. Bxe5 Bxe2 21. Kxe2 Re8 22. f4 f6 23. Rd1 fxe5 24. Rd5+ Kxa4 25. f5 Ba3 26. Rxg7 Re7 27. f6 Rxg7 28. fxg7 Rg8 29. Rd7 Kb3 30. Kd3 a5 31. Rb7+ Ka4 32. Kc4 e4 33. Kd4 e3 34. Kxe3 Bc1+ 35. Kd3 Bh6 36. Kc2 Rxg7 37. Rb6 Bg5 0-1

[Event "Drammen CC-ch Master"]
[Site "Drammen"]
[Date "2012.01.17"]
[Round "3"]
[White "Rueda Kjeldsen, Juan Carlos"]
[Black "Henriksen, Geir Ivar"]
[Result "0-1"]
[WhiteElo "1850"]
[BlackElo "2080"]
[PlyCount "76"]
[EventDate "2012.01.17"]
[EventType "tourn"]
[EventRounds "7"]
[EventCountry "NOR"]
[SourceTitle "EXT 2024"]
[Source "ChessBase"]
[SourceDate "2023.10.10"]
[SourceVersion "1"]
[SourceVersionDate "2023.10.10"]
[SourceQuality "1"]

1. e4 c5 2. c3 d5 3. exd5 Qxd5 4. d4 g6 5. Nf3 Bg7 6. Be2 Nf6 7. 0-0 0-0 8. dxc5 Qxc5 9. Be3 Qc7 10. Na3 a6 11. Nc4 Nbd7 12. a4 Ng4 13. Qc1 Nxe3 14. Qxe3 Qc5 15. Rfd1 Qxe3 16. Nxe3 Nf6 17. Nc4 Bf5 18. Nd4 Be4 19. f3 Bd5 20. Ne3 Rfe8 21. c4 e5 22. Ndc2 Be6 23. Rd6 Bf8 24. Rb6 Rab8 25. Kf1 Bc5 26. Rb3 a5 27. Rd1 Bd7 28. Ra1 Bc6 29. Nd1 Rbd8 30. Nf2 Rd2 31. Ne1 Nh5 32. Nfd3 Bd4 33. Rd1 Rxd1 34. Bxd1 Bxa4 35. Ke2 Bxb3 36. Bxb3 b6 37. Ba4 Re7 38. Bc6 Nf4+ 0-1

[Event "Drammen CC-ch Master"]
[Site "Drammen"]
[Date "2011.03.29"]
[Round "7"]
[White "Rueda Kjeldsen, Juan Carlos"]
[Black "Lerstad, Bjorn"]
[Result "1/2-1/2"]
[WhiteElo "1837"]
[BlackElo "1821"]
[PlyCount "72"]
[EventDate "2011.01.11"]
[EventType "tourn"]
[EventRounds "7"]
[EventCountry "NOR"]
[SourceTitle "EXT 2024"]
[Source "ChessBase"]
[SourceDate "2023.10.10"]
[SourceVersion "1"]
[SourceVersionDate "2023.10.10"]
[SourceQuality "1"]

1. e4 e6 2. d3 d5 3. Nd2 c5 4. Ngf3 Nf6 5. g3 Be7 6. Bg2 0-0 7. 0-0 Nc6 8. Re1 h6 9. h4 b6 10. e5 Nd7 11. Nf1 Bb7 12. N1h2 Nd4 13. Nxd4 cxd4 14. Qg4 Kh8 15. Nf3 Qc7 16. Re2 Rae8 17. Bf4 Qc5 18. Qh5 Kh7 19. Bh3 Bd8 20. Rd1 Bc8 21. Kh2 Re7 22. a3 a5 23. Bd2 Ree8 24. b4 Qb5 25. Nxd4 Qa4 26. Nf3 Qxa3 27. bxa5 bxa5 28. Qg4 Qc5 29. Ra1 Nb8 30. d4 Qxc2 31. Bxh6 Qg6 32. Bg5 f5 33. Qf4 Nc6 34. Kg2 Ba6 35. Ree1 Bb6 36. h5 Qf7 1/2-1/2

[Event "Drammen CC-ch Master"]
[Site "Drammen"]
[Date "2011.02.22"]
[Round "5"]
[White "Rueda Kjeldsen, Juan Carlos"]
[Black "Henriksen, Geir Ivar"]
[Result "1-0"]
[WhiteElo "1837"]
[BlackElo "2137"]
[PlyCount "27"]
[EventDate "2011.01.11"]
[EventType "tourn"]
[EventRounds "7"]
[EventCountry "NOR"]
[SourceTitle "EXT 2024"]
[Source "ChessBase"]
[SourceDate "2023.10.10"]
[SourceVersion "1"]
[SourceVersionDate "2023.10.10"]
[SourceQuality "1"]

1. e4 c5 2. c3 d5 3. exd5 Qxd5 4. d4 cxd4 5. cxd4 Nc6 6. Nf3 e5 7. Nc3 Bb4 8. Bd2 Bxc3 9. Bxc3 e4 10. Ne5 Nxe5 11. dxe5 Ne7 12. Qa4+ Bd7 13. Qa3 Qe6 14. Rd1 1-0

[Event "Drammen CC-ch Master"]
[Site "Drammen"]
[Date "2011.01.11"]
[Round "6"]
[White "Egede Nissen, Bjorn"]
[Black "Rueda Kjeldsen, Juan Carlos"]
[Result "0-1"]
[WhiteElo "1873"]
[BlackElo "1837"]
[PlyCount "122"]
[EventDate "2011.01.11"]
[EventType "tourn"]
[EventRounds "7"]
[EventCountry "NOR"]
[SourceTitle "EXT 2024"]
[Source "ChessBase"]
[SourceDate "2023.10.10"]
[SourceVersion "1"]
[SourceVersionDate "2023.10.10"]
[SourceQuality "1"]

1. e4 c5 2. Nf3 d6 3. d4 cxd4 4. Nxd4 Nf6 5. Nc3 a6 6. Be2 e5 7. Nb3 Be6 8. Be3 Qc7 9. 0-0 Bc4 10. f4 Nbd7 11. Kh1 Be7 12. f5 h5 13. Bg5 Rc8 14. Rc1 b5 15. a3 Qb6 16. Nd2 Bxe2 17. Qxe2 Qb7 18. Rcd1 Rc7 19. Nb3 Rxc3 20. bxc3 Qxe4 21. Qxe4 Nxe4 22. Bd2 d5 23. Be1 Ndf6 24. Ra1 Ng4 25. Rf3 0-0 26. h3 Nh6 27. a4 Ng5 28. Rf1 Rb8 29. axb5 axb5 30. Bh4 f6 31. Ra7 Kf8 32. Bxg5 fxg5 33. Rd7 Rc8 34. Rxd5 Rxc3 35. Rxe5 g4 36. Ra1 gxh3 37. gxh3 Rxh3+ 38. Kg2 Rc3 39. Nd4 Ng8 40. Rxb5 h4 41. Rb3 Rc4 42. Rd3 Nh6 43. c3 Ng4 44. Ra7 Ne5 45. Re3 Bf6 46. Kh3 Kg8 47. Ra8+ Kh7 48. Ne6 Ng4 49. Rd3 Nf2+ 50. Kg2 Nxd3 51. Nf8+ Kh6 52. Kf3 Ne5+ 53. Kg2 Rxc3 54. Ne6 h3+ 55. Kf2 Kh5 56. Rg8 Ng4+ 57. Ke2 h2 58. Nf4+ Kh4 59. Nd5 Ra3 60. Nxf6 gxf6 61. Rh8+ Kg3 0-1

[Event "Drammen Autumn"]
[Site "Drammen"]
[Date "2010.10.26"]
[Round "6"]
[White "Edvardsen, Ragnar"]
[Black "Rueda Kjeldsen, Juan Carlos"]
[Result "1-0"]
[WhiteElo "1898"]
[BlackElo "1858"]
[PlyCount "67"]
[EventDate "2010.09.07"]
[EventType "swiss"]
[EventRounds "9"]
[EventCountry "NOR"]
[SourceTitle "EXT 2024"]
[Source "ChessBase"]
[SourceDate "2023.10.10"]
[SourceVersion "1"]
[SourceVersionDate "2023.10.10"]
[SourceQuality "1"]

1. e4 d6 2. d4 Nf6 3. Nc3 g6 4. f4 a6 5. a4 Bg7 6. Nf3 0-0 7. Be2 c5 8. d5 e6 9. dxe6 fxe6 10. 0-0 Nc6 11. Kh1 b6 12. f5 exf5 13. Bc4+ Kh8 14. Bf4 Nxe4 15. Nxe4 fxe4 16. Ng5 Nd4 17. Nf7+ Rxf7 18. Bxf7 Bb7 19. c3 Qe7 20. cxd4 Qxf7 21. Bxd6 Qe6 22. dxc5 e3 23. Qe2 Rd8 24. Rae1 Bd4 25. Rd1 Bxb2 26. Qxb2+ Kg8 27. Qe2 Re8 28. Rde1 Bd5 29. Rf4 bxc5 30. Bxc5 Qe5 31. Qxe3 Bxg2+ 32. Kg1 Qg5 33. Qxe8+ Kg7 34. Qf8# 1-0

[Event "Drammens CC-ch"]
[Site "Drammen"]
[Date "2010.03.02"]
[Round "5"]
[White "Hjelmaas, Lars"]
[Black "Rueda Kjeldsen, Juan Carlos"]
[Result "1-0"]
[WhiteElo "2213"]
[BlackElo "1847"]
[PlyCount "67"]
[EventDate "2010.01.12"]
[EventType "tourn"]
[EventRounds "7"]
[EventCountry "NOR"]
[SourceTitle "EXT 2024"]
[Source "ChessBase"]
[SourceDate "2023.10.10"]
[SourceVersion "1"]
[SourceVersionDate "2023.10.10"]
[SourceQuality "1"]

1. d4 b6 2. c4 Bb7 3. Nc3 f5 4. Bg5 h6 5. Bh4 g6 6. e4 fxe4 7. Qg4 Kf7 8. Nf3 d6 9. d5 Nf6 10. Qe6+ Kg7 11. Nd4 Nbd7 12. Nxe4 Nc5 13. Nxc5 bxc5 14. Ne2 c6 15. dxc6 Bxc6 16. 0-0-0 Bd7 17. Qe3 Ng4 18. Qf3 Ne5 19. Qc3 Kh7 20. Rxd6 g5 21. Rd5 Bg7 22. Bg3 Ng6 23. Qd2 Nf8 24. Nc3 Bd4 25. Be5 e6 26. Bxd4 exd5 27. Bxh8 Kxh8 28. Qxd5 Ne6 29. Bd3 Nf4 30. Qe5+ Kg8 31. Rd1 Bg4 32. Bh7+ Kxh7 33. Rxd8 Rxd8 34. Qe7+ 1-0

[Event "Drammens CC-ch"]
[Site "Drammen"]
[Date "2010.02.16"]
[Round "4"]
[White "Rueda Kjeldsen, Juan Carlos"]
[Black "Egede Nissen, Bjorn"]
[Result "0-1"]
[WhiteElo "1847"]
[BlackElo "1875"]
[PlyCount "136"]
[EventDate "2010.01.12"]
[EventType "tourn"]
[EventRounds "7"]
[EventCountry "NOR"]
[SourceTitle "EXT 2024"]
[Source "ChessBase"]
[SourceDate "2023.10.10"]
[SourceVersion "1"]
[SourceVersionDate "2023.10.10"]
[SourceQuality "1"]

1. e4 e6 2. d4 d5 3. exd5 exd5 4. c4 c6 5. Nc3 Nf6 6. Nf3 Be7 7. Be2 0-0 8. 0-0 dxc4 9. Bxc4 Bg4 10. Re1 Nbd7 11. a3 Re8 12. Qb3 Bh5 13. Ne5 Nxe5 14. dxe5 Bc5 15. Be3 Bxe3 16. Rxe3 Ng4 17. e6 Qc7 18. Rh3 Bg6 19. Ne4 f6 20. e7+ Kh8 21. Bf7 Bxf7 22. Qxf7 Qxe7 23. Qxe7 Rxe7 24. f3 Ne5 25. Nc3 Rd8 26. f4 Nd3 27. Rd1 Red7 28. Ne4 Nxf4 29. Rxd7 Rxd7 30. Rb3 b6 31. a4 Kg8 32. a5 b5 33. Nc5 Rd2 34. g3 Nh3+ 35. Kf1 Rf2+ 36. Ke1 Rxh2 37. a6 Rc2 38. Ne4 Rc4 39. Nd6 Rd4 40. Nxb5 cxb5 41. Rxb5 Rd8 42. Rb7 Ra8 43. Ke2 Ng5 44. Kd3 Nf7 45. Kd4 Nd6 46. Rd7 Nf5+ 47. Kd5 Nxg3 48. Kc6 Rb8 49. Rb7 Rc8+ 50. Kd7 Rc2 51. b4 Rb2 52. b5 Ne4 53. Kc6 Nc3 54. b6 axb6 55. a7 Ra2 56. Rb8+ Kf7 57. a8Q Rxa8 58. Rxa8 b5 59. Ra3 b4 60. Rb3 h5 61. Rxb4 g5 62. Rc4 Ne2 63. Kd5 h4 64. Ke4 h3 65. Kf3 Nf4 66. Kg4 h2 67. Rc1 Nd3 68. Rf1 Nf2+ 0-1

[Event "Drammens CC-ch"]
[Site "Drammen"]
[Date "2010.01.19"]
[Round "2"]
[White "Rueda Kjeldsen, Juan Carlos"]
[Black "Stokke, Jan"]
[Result "1-0"]
[WhiteElo "1847"]
[BlackElo "1747"]
[PlyCount "71"]
[EventDate "2010.01.12"]
[EventType "tourn"]
[EventRounds "7"]
[EventCountry "NOR"]
[SourceTitle "EXT 2024"]
[Source "ChessBase"]
[SourceDate "2023.10.10"]
[SourceVersion "1"]
[SourceVersionDate "2023.10.10"]
[SourceQuality "1"]

1. e4 c5 2. c3 d6 3. d4 b6 4. Bc4 Nf6 5. dxc5 bxc5 6. Bd5 Nxd5 7. Qxd5 Bd7 8. Qxa8 Bc6 9. Qxa7 Bxe4 10. Nf3 e6 11. Ng5 Bg6 12. a4 Be7 13. a5 0-0 14. Nf3 Bd3 15. a6 Nc6 16. Qb7 Na5 17. Rxa5 Qxa5 18. Qxe7 Qa4 19. Na3 Qe4+ 20. Be3 Bxa6 21. Qxd6 Ra8 22. Kd2 Qb7 23. Kc1 Rb8 24. Qd2 h6 25. c4 Qb6 26. Rd1 Qb3 27. Qc2 Qa2 28. Nb5 Bb7 29. Bxc5 f5 30. b3 Qa1+ 31. Qb1 Qf6 32. Qb2 Qg6 33. Qc3 Be4 34. Ba7 Ra8 35. g3 h5 36. h4 1-0

[Event "Drammen Autumn"]
[Site "Drammen"]
[Date "2009.09.22"]
[Round "3"]
[White "Edvardsen, Ragnar"]
[Black "Rueda Kjeldsen, Juan Carlos"]
[Result "1-0"]
[WhiteElo "1889"]
[BlackElo "1872"]
[PlyCount "49"]
[EventDate "2009.09.08"]
[EventType "swiss"]
[EventRounds "9"]
[EventCountry "NOR"]
[SourceTitle "EXT 2024"]
[Source "ChessBase"]
[SourceDate "2023.10.10"]
[SourceVersion "1"]
[SourceVersionDate "2023.10.10"]
[SourceQuality "1"]

1. d4 Nf6 2. Nf3 g6 3. c4 Bg7 4. g3 0-0 5. Bg2 c5 6. Nc3 d5 7. dxc5 Qa5 8. 0-0 dxc4 9. e4 Qxc5 10. Be3 Qc7 11. Qe2 a6 12. e5 Ng4 13. Nd5 Qa5 14. Nxe7+ Kh8 15. Nxc8 Rxc8 16. Ng5 Nxe3 17. Qxe3 Rc7 18. e6 fxe6 19. Qxe6 Bxb2 20. Qe8+ Kg7 21. Ne6+ Kf6 22. Nxc7 Qxc7 23. Rae1 Nc6 24. Qxa8 c3 25. Qh8+ 1-0